Lo transpersonal : psicoterapia y counselling /
Guardado en:
| Autor principal: | |
|---|---|
| Formato: | Libro |
| Idioma: | Español |
| Publicado: |
Barcelona, España :
Los Libros de la Liebre de Marzo,
1996, c1996
|
| Colección: | (Colección Transpersonal ;
1) |
| Temas: | |
| Etiquetas: |
Sin etiquetas, Sé el primero en etiquetar este registro!
|
MARC
| LEADER | 00000nam^a2200000^a^4500 | ||
|---|---|---|---|
| 001 | 000146659 | ||
| 005 | 20250521000000.0 | ||
| 009 | 20260310095918.995 | ||
| 020 | |a 84-87403-26-3 | ||
| 037 | |a Acervo ITESO - Biblioteca | ||
| 041 | |a ESP | ||
| 082 | |a 616. 8914 |b ROW | ||
| 100 | |a Rowan, John |e (autor) | ||
| 245 | 1 | 0 | |a Lo transpersonal : |b psicoterapia y counselling / |c J. Rowan ; pról. de Fernando Rodríguez Bornaetxea ; tr. por David González Raga, Fernando Mora. |
| 264 | 4 | |a Barcelona, España : |b Los Libros de la Liebre de Marzo, |c 1996, c1996 | |
| 300 | |a 303 p. | ||
| 336 | |a texto |b txt |2 rdacontenido | ||
| 337 | |a sin mediación |b n |2 rdamedio | ||
| 338 | |a volumen |b nc |2 rdasoporte | ||
| 440 | 1 | |a (Colección Transpersonal ; |v 1) | |
| 500 | |a Traducción de: The Transpersonal Psychotherapy and Counselling | ||
| 649 | |a XX | ||
| 650 | |a Psicoanálisis Junguiano | ||
| 650 | |a Psicopatología | ||
| 650 | |a Psicoterapia | ||
| 650 | |a Psicología Transpersonal | ||
| 650 | |a Psicología Clínica | ||
| 910 | |a Fondo General | ||
| 920 | |a Impresos - Libros | ||
| 930 | |a Colección General | ||
| 905 | |a 101 | ||
| 901 | |a 0500076269 |b IT1 |c ACC |u 20250521 | ||
| 902 | |a https://opac.biblio.iteso.mx/vufind/Record/000146659 | ||